[Event "Soacha Ventura op"]
[Site "Soacha"]
[Date "2023.12.08"]
[Round "2"]
[White "Jimenez Contreras, Mayerson"]
[Black "Pena Salamanca, Juan Sebastian"]
[Result "0-1"]
[WhiteElo "2003"]
[BlackElo "1611"]
[PlyCount "76"]
[EventDate "2023.12.08"]
[EventType "swiss"]
[EventRounds "10"]
[EventCountry "COL"]
[SourceTitle "EXT 2025"]
[Source "ChessBase"]
[SourceDate "2024.10.14"]
[SourceVersion "1"]
[SourceVersionDate "2024.10.14"]
[SourceQuality "1"]

1. e4 e5 2. Nf3 d6 3. d4 exd4 4. c3 Nf6 5. Bc4 Be7 6. 0-0 0-0 7. cxd4 Nxe4 8. Re1 d5 9. Bd3 f5 10. Ne5 c5 11. f3 Nf6 12. Be3 c4 13. Bc2 Nc6 14. Nc3 Bd6 15. Bg5 Bb8 16. b3 Qa5 17. Qd2 a6 18. bxc4 Nxd4 19. Bd3 Ba7 20. Kh1 Be6 21. cxd5 Nxd5 22. Nxd5 Qxd5 23. Be7 Rfc8 24. Qg5 Rc7 25. Rad1 Re8 26. Bf6 b5 27. Rc1 Rec8 28. Rcd1 Kf8 29. Bxg7+ Rxg7 30. Qf6+ Kg8 31. Bxf5 Bxf5 32. Qxf5 Nxf5 33. Rxd5 Ne3 34. Rd2 h6 35. g4 Nc4 36. Rc2 Rgc7 37. Ng6 Kf7 38. Nf4 Ne3 0-1